Economía y desarrollo urbano en Centroamérica. Tierra urbana /

Guardat en:
Dades bibliogràfiques
Autor principal: Lungo Uclés, Mario
Altres autors: coord, Polése, Mario
Format: Desconegut
Matèries:
Etiquetes: Afegir etiqueta
Sense etiquetes, Sigues el primer a etiquetar aquest registre!

MARC

LEADER 00000 a2200000 04500
001 11810
003
008 991231s d
040
090 |a 140806  
100 |a Lungo Uclés, Mario  
245 |a Economía y desarrollo urbano en Centroamérica. Tierra urbana /  |c Mario Lungo Uclés 
300 |a 270 p.  
650 |a DESARROLLO URBANO  
650 |a PLANIFICACION URBANA  
650 |a ASENTAMIENTOS HUMANOS  
650 |a ZONAS URBANAS  
650 |a VIVIENDA  
650 |a CONDICIONES DE VIVIENDA  
650 |a NECESIDADES DE VIVIENDA  
650 |a TENENCIA DE LA TIERRA  
650 |a PROPIEDAD DE LA TIERRA  
650 |a ADQUISICION DE TIERRAS  
700 |a coord  
700 |a Polése, Mario  
700 |a coord  
999 |c 14174  |d 14174